banner-ar

كردستان تركيا بين الحربين / (Record no. 48459)

MARC details
000 -الفاتح
حقل البيانات ثابتة الطول 00714nam a2200217Ia 4500
008 - عناصر البيانات ثابتة الطول - معلومات عامة
حقل البيانات ثابتة الطول 140319s9999 xx 000 0 ara d
040 ## - مصدر الفهرسة
وكالة الفهرسة الأصلية GCL /
وكالة النسخ GCL
082 04 - رقم تصنيف ديوى العشرى
رقم التصنيف 323.11567
رقم المادة ه ك
100 1# - المدخل الرئيسى - إسم شخصى
الإسم الشخصى هرتيان, م . ا
245 10 - بيان العنوان
العنوان كردستان تركيا بين الحربين /
بيان المسئوليه,etc هرتيان, م . ا
700 1# - المدخل الاضافى - اسم شخصى
الإسم الشخصى سعد الدين ملا
700 1# - المدخل الاضافى - اسم شخصى
الإسم الشخصى بافى نازى ( مترجم )
300 ## - الوصف المادى
التعداد 1920 ص
490 ## - بيان السلسلة
عنوان السلسلة المكتبة التقدمية الكردية
رقم المجلد/ التعيين التسلسلي 0
650 04 - المدخل الاضافى بالموضوع-مصطلح موضوعى
مصطلح موضوعي الاقليات الوطنية
650 04 - المدخل الاضافى بالموضوع-مصطلح موضوعى
مصطلح موضوعي تركيا - الاقليات
650 04 - المدخل الاضافى بالموضوع-مصطلح موضوعى
مصطلح موضوعي مؤتمر لوزان
650 04 - المدخل الاضافى بالموضوع-مصطلح موضوعى
مصطلح موضوعي الاكراد \ كردستان , الاكراد
942 ## - عناصر المدخل الإضافي( كوها)
مصدر التصنيف او مخطط الترفيف Dewey Decimal Classification
Koha [default] item type كتاب
Holdings
حالة التراجع حالة الفقد حالة تلف ليس للاعارة المكان المؤقت الموقع الحالى تاريخ الاكتساب اجمالي اﻻعارات رقم الطلب الباركود تاريخ اخر مشاهدة تاريخ تفعيل السعر نوع وعاء كوها مصدر التصنيف او خطة الترفيف
        مكتبة القاهرة الكبرى مكتبة القاهرة الكبرى 03/26/2014   323.11567\ه ك 117035 03/26/2014 03/26/2014 كتاب  
        مكتبة القاهرة الكبرى مكتبة القاهرة الكبرى 02/19/2022   323.11567\ هـ ك 167412 02/19/2022 02/19/2022 كتاب ddc

Powered By

EGPV